| 000 | 00643nam a2200205Ia 4500 | ||
|---|---|---|---|
| 001 | 5473 | ||
| 003 | GE_BSU | ||
| 008 | 181216s||||||||xx |||||||||||||| ||und|| | ||
| 040 | _cGE_BSU | ||
| 080 | _a51(072) | ||
| 245 | _aИз опыта преподавания математики. | ||
| 245 | _bВ VIII-Х классах сред. школы. Сборники статей. | ||
| 245 | _cПод ред. Л.В. Стратилатова. | ||
| 260 | _aМосква | ||
| 260 | _bУчпедгиз | ||
| 260 | _c1955 | ||
| 300 | _a349 с. 23 см. | ||
| 653 | _aИз опыта преподавания математики. | ||
| 942 | _cBK | ||
| 999 |
_c38998 _d38998 |
||